000 00310nam a22001337a 4500
008 181030b xxu||||| |||| 00| 0 eng d
020 _a9781402015694
041 _aeng
080 _a101
100 _a24
101 _aFIL
245 _aEarly Modern Natural Law Theories
_cHochstrasser, T.J
942 _2udc
_cBK
999 _c51151
_d51151